000 00361 a2200109 4500
001 ART_8545
005 20260410161844.0
008 260409a
245 1 0 _aEl modelo log-logístico y la distribución del ingreso en Argentina
100 1 _aDagum, Camilo
773 0 _tEl trimestre económico
_g- Vol. XLIV, Nº 176 (oct./dic. 1977)
_wREV6933
999 _c24370
_d24370